Plato to-day / (Record no. 56596)
[ view plain ]
| 000 -LEADER | |
|---|---|
| fixed length control field | 00653nam a2200229 a 4500 |
| 001 - CONTROL NUMBER | |
| control field | 56596 |
| 003 - CONTROL NUMBER IDENTIFIER | |
| rucl marc code | BD-RjUL |
| 005 - DATE AND TIME OF LATEST TRANSACTION | |
| control field | 20211209080420.0 |
| 008 - FIXED-LENGTH DATA ELEMENTS--GENERAL INFORMATION | |
| fixed length control field | 161201s1959 enk 001 0 eng |
| 035 ## - SYSTEM CONTROL NUMBER | |
| System control number | (BD-RjUL)56720 |
| 040 ## - CATALOGING SOURCE | |
| Original cataloging agency | DLC |
| Transcribing agency | WSU |
| Modifying agency | OCL |
| -- | HCH |
| -- | UKM |
| -- | EQO |
| Language of cataloging | eng |
| 041 ## - LANGUAGE CODE | |
| Language code of text/sound track or separate title | eng |
| 082 ## - DEWEY DECIMAL CLASSIFICATION NUMBER | |
| Classification number | 321.07 |
| Edition number | 23 |
| Author mark and year | CRP 1959 |
| 100 1# - MAIN ENTRY--PERSONAL NAME | |
| Personal name | Crossman, R. H. S. |
| Fuller form of name | (Richard Howard Stafford), |
| Dates associated with a name | 1907-1974. |
| 9 (RLIN) | 168339 |
| 245 10 - TITLE STATEMENT | |
| Title | Plato to-day / |
| Statement of responsibility, etc. | R.H.S. Crossman |
| 250 ## - EDITION STATEMENT | |
| Edition statement | Revised 2nd ed |
| 260 ## - PUBLICATION, DISTRIBUTION, ETC. (IMPRINT) | |
| Place of publication, distribution, etc. | London : |
| Name of publisher, distributor, etc. | Allen & Unwin, |
| Date of publication, distribution, etc. | 1959 |
| 300 ## - PHYSICAL DESCRIPTION | |
| Pagination | 215 p. ; |
| Size | 22 cm |
| 600 00 - SUBJECT ADDED ENTRY--PERSONAL NAME | |
| Personal name | Plato. |
| Title of a work | Republic. |
| 942 ## - ADDED ENTRY ELEMENTS (KOHA) | |
| Source of classification or shelving scheme | Dewey Decimal Classification |
| Koha item type | Books |
| Lost status | Source of classification or shelving scheme | Damaged status | Not for loan | Collection code | Permanent Location | Current Location | Shelving location | Date acquired | Source of acquisition | Cost, normal purchase price | Total Checkouts | Full call number | Date last seen | Copy number | Koha item type |
|---|---|---|---|---|---|---|---|---|---|---|---|---|---|---|---|
| Dewey Decimal Classification | Not For Loan | Non-fiction | Central Library, University of Rajshahi | Central Library, University of Rajshahi | Reading Room | 06/05/1963 | Zeitlinger | 15.00 | 321.07 CRP 1959 | 01/12/2016 | C-1 | Books |